000 00832nab a2200241 u 4500
001 22730
003 HDC
007 cr bn ---aaaaa
008 210314c xx dr|noo 0 a eng d
040 _aHDC
245 0 _aManchester United Announce Deal With Halal Online Shopping Site
260 _a[No place] :
_b[publisher not identified],
_c[no date]
336 _atext
_2rdacontent
337 _acomputer
_2rdamedia
338 _aonline resource
_2rdacarrier
650 _aElectronic commerce
_98083
650 _aTeleshopping
_xReligious aspects
_xIslam
_919495
710 _aNep Journal
856 _zRequest full-text at [email protected]
942 _2lcc
942 _cNEWS
942 _kNWSO 004292
999 _c20046
_d20046